[Event "TCh-CHN 2018"]
[Site "China CHN"]
[Date "2018.04.13"]
[Round "3.6"]
[Board "2"]
[White "Jakovenko, Dmitry"]
[Black "Zhao, Yuanhe"]
[Result "1-0"]
[WhiteTitle "GM"]
[WhiteElo "2735"]
[BlackElo "2388"]
[WhiteTeam "Hangzhou Bank Team"]
[BlackTeam "Chengdu Beilei Youth Chess Club"]
[WhiteFideId "4122356"]
[BlackFideId "8609497"]
[EventDate "2018.04.11"]

1. Nf3 Nf6 2. c4 c6 3. g3 d5 4. Bg2 Bf5 5. O-O e6 6. cxd5 cxd5 7. Qb3 Qb6 8.
Qxb6 axb6 9. Nc3 Nc6 10. d3 h6 11. Nb5 Kd7 12. a3 Be7 13. Be3 Bc5 14. Bd2 Rhc8
15. Rac1 Bg4 16. Bc3 Bxf3 17. Bxf3 Na7 18. Nxa7 Rxa7 19. e4 d4 20. Bd2 Bd6 21.
Be2 Rxc1 22. Rxc1 Ng8 23. f4 f6 24. f5 exf5 25. exf5 Ne7 26. Bf3 Nc6 27. Kg2 b5
28. Bd5 Ra8 29. Kf3 Kc7 30. Ke4 Be5 31. Bb4 Re8 32. Bf7 Rh8 33. Kd5 Kb6 34. Be1
Rd8+ 35. Ke4 Rf8 36. Be6 Re8 37. Kf3 Bd6 38. Bf2 Be5 39. Kg4 Re7 40. Kf3 Re8 41.
Ke4 Rd8 42. h3 Rh8 43. g4 Rd8 44. h4 Rf8 45. b3 Ra8 46. Ra1 Nb4 47. a4 Nc6 48.
Be1 Bd6 49. a5+ Ka6 50. Rc1 Rd8 51. Bd2 Bc7 52. g5 hxg5 53. hxg5 Rh8 54. Bd7 Rh2
55. Bxc6 bxc6 56. Rxc6+ 1-0

[Event "TCh-CHN 2018"]
[Site "China CHN"]
[Date "2018.04.13"]
[Round "3.6"]
[Board "3"]
[White "Gao, Rui"]
[Black "Li, Di"]
[Result "1-0"]
[WhiteTitle "GM"]
[BlackTitle "IM"]
[WhiteElo "2546"]
[BlackElo "2487"]
[WhiteTeam "Hangzhou Bank Team"]
[BlackTeam "Chengdu Beilei Youth Chess Club"]
[WhiteFideId "8602387"]
[BlackFideId "8607508"]
[EventDate "2018.04.11"]

1. e4 e5 2. Nf3 Nc6 3. Nc3 Nf6 4. d4 exd4 5. Nxd4 Bb4 6. Nxc6 bxc6 7. Bd3 O-O 8.
O-O Re8 9. Bg5 h6 10. Bh4 Bxc3 11. bxc3 g5 12. Bg3 Nxe4 13. Qh5 Qf6 14. Bxc7 d5
15. f4 Qg6 16. Qxg6+ fxg6 17. fxg5 hxg5 18. c4 Bf5 19. cxd5 cxd5 20. Ba5 Rac8
21. Rad1 g4 22. Bb4 Rc7 23. a4 Rb8 24. c3 Kh7 25. Bxe4 Bxe4 26. Rf4 Rcb7 27.
Rxg4 a5 28. Bxa5 Rb1 29. Rxb1 Rxb1+ 30. Kf2 Ra1 31. Bb6 Rxa4 32. Ke3 Ra2 33.
Rh4+ Kg8 34. g3 Rc2 35. Bd4 Kf7 36. Kf4 Ke6 37. Rh8 Kd6 38. h4 Kc6 39. Rb8 Rc1
40. g4 Rc2 41. Rb6+ Kd7 42. Ra6 Rg2 43. Rf6 Bc2 44. Rb6 Bd3 45. Rb7+ Kc6 46. Rf7
Bc2 47. Rf6+ Kd7 48. Kg5 Bd1 49. Rf7+ Ke6 50. Rf4 Rg3 51. Kxg6 Bxg4 52. Rf6+ Ke7
53. Rf7+ Ke6 54. Rf6+ Ke7 55. Bc5+ Ke8 56. Rf8+ Kd7 57. Bd4 Bd1+ 58. Kh6 Bc2 59.
h5 Ke6 60. Ra8 Be4 61. Ra7 Bf3 62. Ra6+ Ke7 63. Ra7+ Ke6 64. Ra6+ Ke7 65. Bf6+
Kd7 66. Bh4 Rh3 67. Kg5 Bxh5 68. Kxh5 Rxc3 69. Kg5 Rc6 70. Ra1 Rc4 71. Bg3 Kc6
72. Kf5 Re4 73. Be5 Rh4 74. Ke6 Rh6+ 75. Bf6 Kc5 76. Rc1+ Kb5 77. Ke5 d4 78. Rd1
Kc5 79. Be7+ Kc6 80. Rxd4 Rh1 81. Rc4+ Kd7 82. Bf6 Rh5+ 83. Ke4 Kd6 84. Rc1 Ra5
85. Bd4 Rh5 86. Rb1 Rh4+ 87. Kd3 Rh3+ 88. Kc4 Ke6 89. Rb6+ Kf5 90. Kd5 Rf3 91.
Rf6+ Kg4 92. Rg6+ Kf5 93. Rg2 Kf4 94. Be5+ Ke3 95. Ra2 Kd3 96. Ra3+ Ke2 97. Ra4
Ke3 98. Rc4 Rf8 99. Rc3+ Kd2 100. Ra3 Re8 101. Ke4 Kc2 102. Rc3+ Kd2 103. Rb3
Rc8 104. Rh3 Kc2 105. Rh2+ Kb3 106. Rb2+ Ka3 107. Rb7 Re8 108. Kd4 Rd8+ 109. Kc4
Rc8+ 110. Kd3 Ka4 111. Bc3 Rg8 112. Kc2 Rg2+ 113. Bd2 Rg4 114. Rb1 Rh4 115. Be1
Rf4 116. Bc3 Rh4 117. Kd3 Rg4 118. Bd4 Rh4 119. Kc4 Rh3 120. Rb6 Rh5 121. Bf6
Rf5 122. Re6 Rh5 123. Bd8 Ka3 124. Re2 1-0

[Event "TCh-CHN 2018"]
[Site "China CHN"]
[Date "2018.04.13"]
[Round "3.6"]
[Board "4"]
[White "Saduakassova, Dinara"]
[Black "Gu, Tianlu"]
[Result "1-0"]
[WhiteTitle "IM"]
[BlackTitle "WIM"]
[WhiteElo "2474"]
[BlackElo "2231"]
[WhiteTeam "Chengdu Beilei Youth Chess Club"]
[BlackTeam "Hangzhou Bank Team"]
[WhiteFideId "13700090"]
[BlackFideId "8603995"]
[EventDate "2018.04.11"]

1. d4 d5 2. c4 e6 3. Nf3 Nf6 4. g3 Bb4+ 5. Bd2 Be7 6. Bg2 O-O 7. O-O Nbd7 8. Qc2
c6 9. Bf4 b6 10. b3 Bb7 11. Nc3 a5 12. Rfd1 Nh5 13. Bc1 f5 14. Ne5 Rc8 15. Bb2
Bd6 16. Na4 Bxe5 17. dxe5 b5 18. Nc3 Nxe5 19. cxb5 cxb5 20. Qd2 Ng4 21. h3 Ngf6
22. Nxb5 Ne4 23. Qd4 Qg5 24. Qe5 Rc2 25. Ba3 Qf6 26. Qxf6 Rxf6 27. Bf3 g6 28.
Nd4 Rc8 29. Rdc1 e5 30. Rxc8+ Bxc8 31. Rc1 Bb7 32. Rc7 Rf7 33. Be7 Nc5 34. Nxf5
gxf5 35. Bxh5 Rg7 36. a3 Ba6 37. Ra7 Rxe7 38. Rxe7 Nxb3 39. Rxe5 Bc4 40. Bf3 1-0

[Event "TCh-CHN 2018"]
[Site "China CHN"]
[Date "2018.04.13"]
[Round "3.6"]
[Board "5"]
[White "Ren, Xiaoyi"]
[Black "Li, Ruofan"]
[Result "1/2-1/2"]
[BlackTitle "IM"]
[WhiteElo "2256"]
[BlackElo "2325"]
[WhiteTeam "Chengdu Beilei Youth Chess Club"]
[BlackTeam "Hangzhou Bank Team"]
[WhiteFideId "8608709"]
[BlackFideId "8600643"]
[EventDate "2018.04.11"]

1. d4 Nf6 2. c4 e6 3. g3 d5 4. Bg2 Bb4+ 5. Nd2 O-O 6. a3 Be7 7. Ngf3 b6 8. cxd5
exd5 9. O-O Bb7 10. Ne5 c5 11. Ndf3 Nbd7 12. Be3 Ne4 13. Qa4 Nxe5 14. Nxe5 cxd4
15. Bxd4 Qd6 16. Rac1 Nc5 17. Qc2 Rac8 18. Rfd1 Ne6 19. Bc3 Bf6 20. f4 Qc5+ 21.
Kh1 Bxe5 22. fxe5 Rfd8 23. Qd2 Qe7 24. e3 Nc5 25. Qf2 Ne4 26. Bxe4 dxe4 27.
Rxd8+ Rxd8 28. Bb4 Qxe5 29. Kg1 h6 30. Bc3 Qh5 31. Bd4 Rd7 32. Qf4 Kh7 33. Qe5
Qxe5 34. Bxe5 f6 35. Bd4 h5 36. Rc3 Kg6 37. Kf2 Kg5 38. Rc1 h4 39. Rc3 h3 40.
Rc1 Kg4 41. Rc2 Ba6 42. Rc6 Bb5 43. Rc8 g5 44. Rf8 f5 45. Rg8 Rd6 46. Rg7 a5 47.
Rf7 Bd7 48. Rf6 Be6 49. a4 Rc6 50. Bc3 Kh5 51. Ke1 g4 52. Be5 Kg5 53. Kd2 Bd7
54. Rxc6 Bxc6 55. Bc7 Bxa4 56. Bxb6 Kf6 57. Kc3 Ke6 58. Kc4 Kd6 59. Bxa5 Ke5 1/2-1/2

[Event "TCh-CHN 2018"]
[Site "China CHN"]
[Date "2018.04.14"]
[Round "4.1"]
[Board "1"]
[White "Li, Shilong"]
[Black "Zhao, Yuanhe"]
[Result "1-0"]
[WhiteTitle "GM"]
[WhiteElo "2498"]
[BlackElo "2388"]
[WhiteTeam "Guangdong Ding Xin High Tech Team"]
[BlackTeam "Chengdu Beilei Youth Chess Club"]
[WhiteFideId "8600678"]
[BlackFideId "8609497"]
[EventDate "2018.04.11"]

1. d4 d5 2. c4 c6 3. Nf3 Nf6 4. Nc3 e6 5. e3 Nbd7 6. Qc2 Bd6 7. b3 O-O 8. Be2
dxc4 9. bxc4 e5 10. O-O Re8 11. Rd1 e4 12. Nd2 Qe7 13. c5 Bc7 14. Ba3 Nf8 15.
Nf1 Ba5 16. Rab1 Bxc3 17. Qxc3 Be6 18. Qb2 Rab8 19. Ng3 Qd7 20. Bb4 Ng6 21. d5
Nxd5 22. Nxe4 Bf5 23. Nd6 Bxb1 24. Nxe8 Rxe8 25. Qxb1 Qe7 26. Bd2 Nf8 27. Bf3
Ne6 28. e4 Nf6 29. Be3 Rb8 30. Qc2 Nd7 31. Rc1 Rd8 32. Be2 Nf6 33. Qc4 Nf8 34.
f3 Ng6 35. Qb3 Nh5 36. Bf1 Nhf4 37. Qa3 b5 38. Qa6 Qc7 39. a4 b4 40. Rb1 Rb8 41.
g3 Ne6 42. f4 Nef8 43. Bc4 Nd7 44. Ba2 Nf6 45. e5 Nd5 46. Bxd5 cxd5 47. Qd6 Qc8
48. c6 a5 49. c7 Ra8 50. Bb6 Nf8 51. Qd8 Qf5 52. Re1 Rc8 53. e6 1-0

[Event "TCh-CHN 2018"]
[Site "China CHN"]
[Date "2018.04.14"]
[Round "4.1"]
[Board "2"]
[White "Xu, Yinglun"]
[Black "Liu, Guanchu"]
[Result "1/2-1/2"]
[WhiteTitle "GM"]
[BlackTitle "IM"]
[WhiteElo "2531"]
[BlackElo "2432"]
[WhiteTeam "Guangdong Ding Xin High Tech Team"]
[BlackTeam "Chengdu Beilei Youth Chess Club"]
[WhiteFideId "8604940"]
[BlackFideId "8603901"]
[EventDate "2018.04.11"]

1. d4 e6 2. c4 Nf6 3. Nf3 b6 4. g3 Ba6 5. Qc2 c5 6. Bg2 Bb7 7. dxc5 bxc5 8. O-O
Be7 9. Nc3 Nc6 10. Rd1 O-O 11. Bf4 d6 12. Rd2 Qb8 13. Qd1 Rd8 14. h3 Nd4 15. e3
Nxf3+ 16. Bxf3 Bxf3 17. Qxf3 h6 18. e4 Qb4 19. Qe2 Nd7 20. Nb5 Ne5 21. Bxe5 dxe5
22. Rad1 a6 23. Rxd8+ Rxd8 24. Rxd8+ Bxd8 25. Nc3 Bg5 26. Kf1 h5 27. h4 Bh6 28.
Nd1 Qa5 29. b3 Bd2 30. Nb2 Bc3 31. Na4 Bd4 32. Qxh5 Qd2 33. Qe2 Qc1+ 34. Kg2 Qb1
35. Nb6 Kf8 36. h5 Ke8 37. Na8 Qc1 38. Nc7+ Kd7 39. Nxa6 Qa3 40. Qf3 f5 41. Nb8+
Kc7 42. exf5 exf5 43. Qxf5 Qa8+ 44. Kg1 Qxb8 45. Qf7+ Kb6 46. Qxg7 e4 47. Qh6+
Ka5 48. Qd2+ Ka6 49. Qf4 Qe8 50. Kg2 e3 51. fxe3 Bxe3 52. Qf6+ Ka5 53. a3 Bd4
54. Qf3 Kb6 55. b4 Qe6 56. Qd3 Qe1 57. Kh3 Be5 58. Qd8+ Kb7 59. Qe7+ Kb8 60.
Qf8+ Kb7 61. Qf3+ Kb6 62. b5 Bd4 63. g4 Qd2 64. Qc6+ Ka7 65. Qc7+ Ka8 66. Qg3
Ka7 67. g5 Qe2 68. Qc7+ Ka8 69. Qd8+ Ka7 70. Qd7+ Kb6 71. Qc6+ Ka7 72. Qc7+ Ka8
73. Qc6+ Ka7 74. Qc7+ 1/2-1/2

[Event "TCh-CHN 2018"]
[Site "China CHN"]
[Date "2018.04.14"]
[Round "4.1"]
[Board "3"]
[White "Zhao, Chenxi"]
[Black "Xu, Xiangyu"]
[Result "1/2-1/2"]
[BlackTitle "GM"]
[WhiteElo "2328"]
[BlackElo "2565"]
[WhiteTeam "Guangdong Ding Xin High Tech Team"]
[BlackTeam "Chengdu Beilei Youth Chess Club"]
[WhiteFideId "8611513"]
[BlackFideId "8608288"]
[EventDate "2018.04.11"]

1. e4 e5 2. Nf3 Nc6 3. Bb5 g6 4. d4 exd4 5. Bg5 Be7 6. Bxe7 Qxe7 7. Bxc6 dxc6 8.
Qxd4 Nf6 9. Nbd2 O-O 10. O-O Rd8 11. Qe3 Bg4 12. Qg5 Bxf3 13. Nxf3 Re8 14. Rfe1
Nxe4 15. Qxe7 Rxe7 16. Nd2 Rae8 17. Nxe4 Rxe4 18. Kf1 Kf8 19. Rxe4 Rxe4 20. Rd1
Ke7 21. Re1 Re6 22. Rxe6+ Kxe6 23. Ke2 Kd5 24. Kd3 f6 25. f3 b6 26. g3 h6 27. a3
Ke5 28. Ke3 Kf5 29. h3 h5 30. f4 g5 31. b3 a5 32. c4 Ke6 33. Ke4 b5 34. a4 bxa4
35. bxa4 c5 36. h4 f5+ 37. Ke3 gxf4+ 38. gxf4 c6 39. Kf3 1/2-1/2

[Event "TCh-CHN 2018"]
[Site "China CHN"]
[Date "2018.04.14"]
[Round "4.1"]
[Board "4"]
[White "Ren, Xiaoyi"]
[Black "Li, Xueyi"]
[Result "1/2-1/2"]
[WhiteElo "2256"]
[BlackElo "2187"]
[WhiteTeam "Chengdu Beilei Youth Chess Club"]
[BlackTeam "Guangdong Ding Xin High Tech Team"]
[WhiteFideId "8608709"]
[BlackFideId "8605912"]
[EventDate "2018.04.11"]

1. d4 d5 2. c4 c6 3. Nf3 Nf6 4. Nc3 e6 5. e3 Nbd7 6. Qc2 Bd6 7. Bd3 O-O 8. O-O
e5 9. cxd5 cxd5 10. e4 exd4 11. Nxd5 Nxd5 12. exd5 h6 13. Nxd4 Qh4 14. Nf3 Qh5
15. Bh7+ Kh8 16. Qf5 Qxf5 17. Bxf5 Nf6 18. Bxc8 Rfxc8 19. Rd1 Rd8 20. Be3 Bf8
21. d6 Rxd6 22. Rxd6 Bxd6 23. Rd1 Bc7 24. h3 a6 25. Kf1 Kg8 26. Rc1 Bd6 27. Rd1
Bc7 28. Rc1 Bd6 29. Rd1 Bc7 30. Rc1 Bd6 1/2-1/2

[Event "TCh-CHN 2018"]
[Site "China CHN"]
[Date "2018.04.14"]
[Round "4.1"]
[Board "5"]
[White "Saduakassova, Dinara"]
[Black "Xu, Yuze"]
[Result "1-0"]
[WhiteTitle "IM"]
[WhiteElo "2474"]
[BlackElo "2083"]
[WhiteTeam "Chengdu Beilei Youth Chess Club"]
[BlackTeam "Guangdong Ding Xin High Tech Team"]
[WhiteFideId "13700090"]
[BlackFideId "8614466"]
[EventDate "2018.04.11"]

1. d4 Nf6 2. c4 e6 3. Nf3 Bb4+ 4. Bd2 Qe7 5. g3 Nc6 6. Nc3 Bxc3 7. Bxc3 Ne4 8.
Rc1 O-O 9. Bg2 d6 10. d5 Nxc3 11. Rxc3 Nb8 12. dxe6 fxe6 13. Nd4 c6 14. O-O e5
15. Nc2 Be6 16. Qd2 Nd7 17. Rd1 Nb6 18. b3 d5 19. cxd5 Bxd5 20. e4 Be6 21. Rd3
a5 22. a4 Qf7 23. Rf3 Qe7 24. Rxf8+ Qxf8 25. Qc3 Nd7 26. Bf1 Qf7 27. Ne3 g6 28.
Rd2 Qe7 29. Bc4 Bxc4 30. Nxc4 b6 31. Kg2 Rf8 32. Qe3 Nc5 33. Nxb6 Rb8 34. Rc2
Nxe4 35. Qxe4 Rxb6 36. Rxc6 Rxc6 37. Qxc6 e4 38. Qa8+ Kf7 39. Qxa5 Qb7 40. Qb5
Qa8 41. Kg1 Qd8 42. Qb7+ Kg8 43. Qxe4 Qd1+ 44. Kg2 Qxb3 45. a5 Qb5 46. Qa8+ Kg7
47. a6 Qa5 48. Qb7+ 1-0

[Event "TCh-CHN 2018"]
[Site "China CHN"]
[Date "2018.04.14"]
[Round "4.2"]
[Board "1"]
[White "Bu, Xiangzhi"]
[Black "Bai, Jinshi"]
[Result "1-0"]
[WhiteTitle "GM"]
[BlackTitle "GM"]
[WhiteElo "2726"]
[BlackElo "2568"]
[WhiteTeam "Shandong Jingzhi Team"]
[BlackTeam "Hangzhou Bank Team"]
[WhiteFideId "8601445"]
[BlackFideId "8602280"]
[EventDate "2018.04.11"]

1. e4 e5 2. Nf3 Nf6 3. Nc3 Nc6 4. g3 Bc5 5. Bg2 d6 6. O-O a6 7. d3 O-O 8. h3 Be6
9. Kh2 h6 10. Nd2 d5 11. f4 exf4 12. gxf4 dxe4 13. dxe4 Re8 14. e5 Nh7 15. Nb3
Ba7 16. Qf3 Bf5 17. Be3 Bxc2 18. Bxa7 Bxb3 19. Bc5 Bc2 20. Nd5 Qc8 21. Qc3 Bf5
22. Rg1 Nf8 23. Nf6+ gxf6 24. Bxc6+ Ng6 25. Bxe8 Qxe8 26. Rae1 Qa4 27. Qd4 Qxa2
28. e6 Bxe6 29. Qxf6 Qd5 30. Rxg6+ 1-0

[Event "TCh-CHN 2018"]
[Site "China CHN"]
[Date "2018.04.14"]
[Round "4.2"]
[Board "2"]
[White "Zhao, Jun"]
[Black "Jakovenko, Dmitry"]
[Result "1/2-1/2"]
[WhiteTitle "GM"]
[BlackTitle "GM"]
[WhiteElo "2607"]
[BlackElo "2735"]
[WhiteTeam "Shandong Jingzhi Team"]
[BlackTeam "Hangzhou Bank Team"]
[WhiteFideId "8602522"]
[BlackFideId "4122356"]
[EventDate "2018.04.11"]

1. e4 e5 2. Nf3 Nc6 3. Bb5 a6 4. Ba4 Nf6 5. d3 b5 6. Bb3 Bc5 7. a4 Rb8 8. O-O
O-O 9. axb5 axb5 10. Bg5 h6 11. Bh4 Be7 12. Nc3 d6 13. Bxf6 Bxf6 14. Nd5 Be6 15.
Qd2 Bxd5 16. Bxd5 Ne7 17. Bb3 c6 18. Ra6 Qc7 19. Rfa1 Nc8 20. g3 Nb6 21. h4 Ra8
22. Qb4 Rxa6 23. Rxa6 Ra8 24. Rxa8+ Nxa8 25. Kg2 Nb6 26. Qa5 g6 27. c3 Qb7 28.
Qa2 Kg7 29. Qa5 Nd7 30. Bc2 d5 31. b4 Be7 32. Bb3 dxe4 33. dxe4 Nf6 34. Bc2 Ng4
35. Nh2 Nxh2 36. Kxh2 Qd7 37. Qa2 Qg4 38. Bd3 g5 39. Qe2 Qxe2 40. Bxe2 gxh4 41.
Bg4 hxg3+ 42. fxg3 c5 43. bxc5 Bxc5 44. Bd7 b4 45. cxb4 Bxb4 1/2-1/2

[Event "TCh-CHN 2018"]
[Site "China CHN"]
[Date "2018.04.14"]
[Round "4.2"]
[Board "3"]
[White "Wen, Yang"]
[Black "Ma, Qun"]
[Result "1/2-1/2"]
[WhiteTitle "GM"]
[BlackTitle "GM"]
[WhiteElo "2604"]
[BlackElo "2620"]
[WhiteTeam "Shandong Jingzhi Team"]
[BlackTeam "Hangzhou Bank Team"]
[WhiteFideId "8602956"]
[BlackFideId "8603154"]
[EventDate "2018.04.11"]

1. e4 e5 2. Nf3 Nc6 3. Bb5 Nf6 4. O-O Nxe4 5. Re1 Nd6 6. Nxe5 Be7 7. Bf1 Nxe5 8.
Rxe5 O-O 9. Nc3 Ne8 10. Nd5 Bd6 11. Re2 c6 12. Ne3 Bc7 13. Nf5 d5 14. Ne7+ Kh8
15. Nxc8 Rxc8 16. d3 Nf6 17. g3 Qd7 18. Bg5 Rce8 19. Bxf6 gxf6 20. Rxe8 Qxe8 21.
d4 f5 22. Bd3 f4 23. Qh5 f5 24. Qxe8 Rxe8 25. Bxf5 Kg7 26. Kg2 h5 27. Rd1 Kf6
28. Bd3 Kg5 29. Kf3 Rf8 30. h4+ Kh6 31. g4 hxg4+ 32. Kxg4 f3 33. Bf5 Rg8+ 34.
Kxf3 Rf8 35. Kg4 Rg8+ 36. Kh3 Rf8 37. Bd3 Rxf2 38. Rf1 Rxf1 39. Bxf1 Bf4 40. c4 1/2-1/2

[Event "TCh-CHN 2018"]
[Site "China CHN"]
[Date "2018.04.14"]
[Round "4.2"]
[Board "4"]
[White "Li, Ruofan"]
[Black "Huang, Qian"]
[Result "1-0"]
[WhiteTitle "IM"]
[BlackTitle "WGM"]
[WhiteElo "2325"]
[BlackElo "2444"]
[WhiteTeam "Hangzhou Bank Team"]
[BlackTeam "Shandong Jingzhi Team"]
[WhiteFideId "8600643"]
[BlackFideId "8602689"]
[EventDate "2018.04.11"]

1. d4 d5 2. c4 c6 3. cxd5 cxd5 4. Bf4 Nf6 5. Nc3 Nc6 6. e3 Bf5 7. Qb3 Na5 8.
Qa4+ Bd7 9. Qc2 e6 10. Nf3 Nh5 11. Bg5 f6 12. Bh4 g5 13. Bg3 Rc8 14. Bd3 Bb4 15.
Bxh7 Ke7 16. Bd3 Nxg3 17. fxg3 g4 18. Nh4 Rh6 19. O-O Bxc3 20. bxc3 f5 21. e4
dxe4 22. Bxe4 fxe4 23. Qxe4 Rxh4 24. gxh4 Bc6 25. Qxg4 Qg8 26. Qg5+ Qxg5 27.
hxg5 Nc4 28. Rae1 Bd5 29. h4 Nd6 30. Re3 Rg8 31. a3 b5 32. g4 a5 33. Kh2 a4 34.
Rf5 Kd7 35. Rf2 Ke7 36. Rh3 Nc4 37. h5 Rxg5 38. h6 Rg8 39. Rf4 Nd6 40. Rh5 Be4
41. Re5 Bd5 42. Kh3 Nf7 43. Rh5 Rc8 44. Kh4 Nh8 45. Rg5 Bb3 46. h7 e5 47. dxe5
Bf7 48. Rf6 Rxc3 49. Rg8 1-0

[Event "TCh-CHN 2018"]
[Site "China CHN"]
[Date "2018.04.14"]
[Round "4.2"]
[Board "5"]
[White "Gu, Tianlu"]
[Black "Ning, Kaiyu"]
[Result "1/2-1/2"]
[WhiteTitle "WIM"]
[WhiteElo "2231"]
[BlackElo "2217"]
[WhiteTeam "Hangzhou Bank Team"]
[BlackTeam "Shandong Jingzhi Team"]
[WhiteFideId "8603995"]
[BlackFideId "8614750"]
[EventDate "2018.04.11"]

1. e4 d5 2. exd5 Qxd5 3. Nc3 Qa5 4. g3 c6 5. Bg2 Nf6 6. Nge2 Bf5 7. O-O e6 8.
Nd4 Bg6 9. a3 Qb6 10. Nf3 Nbd7 11. d3 Be7 12. h3 h6 13. b4 O-O 14. Rb1 a6 15.
Qe1 Rac8 16. Be3 Qc7 17. Bf4 Bd6 18. Bxd6 Qxd6 19. Ne4 Bxe4 20. dxe4 e5 21. Qe3
Rfd8 22. Rfd1 Qc7 23. Nh4 Nf8 24. Nf5 Ne6 25. Bf3 c5 26. c3 Ne8 27. Rd5 Nf6 28.
Rdd1 Ne8 29. Rd5 Nf6 30. Rdd1 1/2-1/2

[Event "TCh-CHN 2018"]
[Site "China CHN"]
[Date "2018.04.14"]
[Round "4.3"]
[Board "1"]
[White "Xu, Yi"]
[Black "Lan, Zilun"]
[Result "1-0"]
[WhiteTitle "IM"]
[WhiteElo "2533"]
[BlackElo "2333"]
[WhiteTeam "China Mobil Shanghai Chess Club"]
[BlackTeam "Zhejiang Chess Team"]
[WhiteFideId "8605564"]
[BlackFideId "8604193"]
[EventDate "2018.04.11"]

1. e4 d6 2. d4 Nf6 3. Nc3 e5 4. Nf3 Nbd7 5. Bc4 Be7 6. O-O O-O 7. Re1 Nb6 8. Bf1
Bg4 9. dxe5 Bxf3 10. Qxf3 dxe5 11. Qg3 Nfd7 12. Bh6 Bf6 13. Rad1 Qe7 14. Nd5
Nxd5 15. exd5 Rfd8 16. c4 Nf8 17. Bd2 a5 18. a3 b6 19. b4 axb4 20. Bxb4 Qd7 21.
Be2 Qa4 22. Bf3 Rab8 23. Rc1 Nd7 24. Bd1 Qa7 25. Bc2 Nc5 26. f4 exf4 27. Qxf4
Rd6 28. Re2 Rbd8 29. Rce1 Qa8 30. a4 g6 31. a5 Kg7 32. Rf1 Qc8 33. h3 Qd7 34.
Kh1 Kg8 35. Rfe1 Kg7 36. Qf2 Ra8 37. Qf3 Qd8 38. Rf1 Qf8 39. Qe3 Qd8 40. Ref2
Kg8 41. Rf3 Bg5 42. Qf2 f5 43. axb6 cxb6 44. Bxc5 bxc5 45. Qxc5 Ra2 46. Bb3 Re2
47. Qd4 Rde6 48. c5 Bf6 49. Qd3 R6e4 50. d6+ Kg7 51. c6 Be5 52. c7 Qg5 53. Rg1
Bd4 54. Qxd4+ Rxd4 55. c8=Q Rxd6 56. Qg8+ Kf6 57. Qf7+ Ke5 58. Qe8+ 1-0

[Event "TCh-CHN 2018"]
[Site "China CHN"]
[Date "2018.04.14"]
[Round "4.3"]
[Board "2"]
[White "Ni, Hua"]
[Black "Xu, Minghui"]
[Result "1-0"]
[WhiteTitle "GM"]
[WhiteElo "2683"]
[BlackElo "2313"]
[WhiteTeam "China Mobil Shanghai Chess Club"]
[BlackTeam "Zhejiang Chess Team"]
[WhiteFideId "8601160"]
[BlackFideId "8606790"]
[EventDate "2018.04.11"]

1. e4 e5 2. Nf3 Nc6 3. Bb5 a6 4. Ba4 Nf6 5. O-O Be7 6. d3 b5 7. Bb3 d6 8. a3 O-O
9. Nc3 Na5 10. Ba2 Be6 11. b4 Bxa2 12. Rxa2 Nc6 13. Bg5 Qd7 14. Bxf6 Bxf6 15.
Nd5 Bd8 16. a4 Ne7 17. Ne3 c6 18. c4 Bb6 19. d4 Qe6 20. d5 Qc8 21. c5 dxc5 22.
d6 Ng6 23. bxc5 Bxc5 24. Nf5 Qb7 25. h4 f6 26. Rc2 Bb6 27. h5 Nf4 28. N3h4 c5
29. Qg4 Ra7 30. Rd1 Qd7 31. g3 Ne6 32. Ng6 Rd8 33. a5 hxg6 34. hxg6 Qe8 35. axb6
Rad7 36. Ne7+ 1-0

[Event "TCh-CHN 2018"]
[Site "China CHN"]
[Date "2018.04.14"]
[Round "4.3"]
[Board "3"]
[White "Harikrishna, Pentala"]
[Black "Lu, Shanglei"]
[Result "1-0"]
[WhiteTitle "GM"]
[BlackTitle "GM"]
[WhiteElo "2729"]
[BlackElo "2636"]
[WhiteTeam "China Mobil Shanghai Chess Club"]
[BlackTeam "Zhejiang Chess Team"]
[WhiteFideId "5007003"]
[BlackFideId "8603332"]
[EventDate "2018.04.11"]

1. d4 Nf6 2. Nf3 e6 3. c4 d5 4. g3 dxc4 5. Bg2 c5 6. O-O Nc6 7. dxc5 Qxd1 8.
Rxd1 Bxc5 9. Nfd2 Na5 10. Na3 Bxa3 11. bxa3 Bd7 12. Bb2 Bb5 13. Bc3 Nc6 14. Rab1
Ba6 15. Ne4 Nxe4 16. Bxe4 O-O 17. Rd7 Rac8 18. a4 Rfe8 19. h4 Nb8 20. Rd6 Rc7
21. Rbd1 f5 22. Bf3 Kf7 23. e4 fxe4 24. Bxe4 g6 25. h5 Ree7 26. Rd8 Red7 27.
Bxg6+ hxg6 28. h6 Rxd1+ 29. Rxd1 Ke8 30. Bg7 Rxg7 31. hxg7 Kf7 32. Rd8 Kxg7 33.
Rxb8 Kf6 34. Kf1 Ke5 35. Ke2 Ke4 36. Kd2 Kf3 37. Rf8+ Kg2 38. Ke1 1-0

[Event "TCh-CHN 2018"]
[Site "China CHN"]
[Date "2018.04.14"]
[Round "4.3"]
[Board "4"]
[White "Ding, Yixin"]
[Black "Harika, Dronavalli"]
[Result "1/2-1/2"]
[WhiteTitle "WGM"]
[BlackTitle "GM"]
[WhiteElo "2429"]
[BlackElo "2498"]
[WhiteTeam "Zhejiang Chess Team"]
[BlackTeam "China Mobil Shanghai Chess Club"]
[WhiteFideId "8602972"]
[BlackFideId "5015197"]
[EventDate "2018.04.11"]

1. e4 e5 2. Nf3 Nc6 3. Nc3 Nf6 4. d4 exd4 5. Nxd4 Bc5 6. Be3 Bb6 7. Qd2 O-O 8.
O-O-O Ng4 9. Nxc6 bxc6 10. Bg5 Qe8 11. Bh4 d6 12. h3 Ne5 13. f4 Ng6 14. Bf2 f5
15. exf5 Bxf5 16. Bc4+ Kh8 17. Rhe1 Qd8 18. g4 Bxf2 19. Qxf2 Bd7 20. f5 Nh4 21.
Ne4 Ng6 22. Bb3 a5 23. a4 Ne5 24. Kb1 Qe7 25. Qe3 Rab8 26. Nc5 Qf6 27. Qc3 Bc8
28. Nd3 Nxd3 29. Qxf6 gxf6 30. Rxd3 Ba6 31. Rde3 c5 32. Bd5 Bb7 33. Bxb7 Rxb7
34. Kc1 Kg7 35. Re7+ Rf7 36. Re8 Rb4 37. b3 c4 38. R1e4 d5 39. Rd4 c5 40. Rxd5
cxb3 41. cxb3 Rxb3 42. Rxc5 Rxh3 43. Rxa5 Rc7+ 44. Kb2 Rg3 45. Raa8 Kh6 46. Re6
Rxg4 47. Rxf6+ Kg5 48. Rff8 Rb4+ 49. Ka3 Rbb7 50. Ra5 Rc3+ 51. Ka2 Rc2+ 52. Ka1
Rc1+ 53. Ka2 Rc2+ 54. Ka1 1/2-1/2

[Event "TCh-CHN 2018"]
[Site "China CHN"]
[Date "2018.04.14"]
[Round "4.3"]
[Board "5"]
[White "Zhu, Jiner"]
[Black "Ju, Wenjun"]
[Result "0-1"]
[WhiteTitle "WIM"]
[BlackTitle "GM"]
[WhiteElo "2379"]
[BlackElo "2568"]
[WhiteTeam "Zhejiang Chess Team"]
[BlackTeam "China Mobil Shanghai Chess Club"]
[WhiteFideId "8608059"]
[BlackFideId "8603006"]
[EventDate "2018.04.11"]

1. e4 e6 2. d4 d5 3. Nc3 Nf6 4. e5 Nfd7 5. f4 c5 6. Nf3 Nc6 7. Be3 Be7 8. Qd2 b6
9. Be2 O-O 10. O-O f5 11. exf6 Nxf6 12. Bb5 Qc7 13. Bxc6 Qxc6 14. Ne5 Qc7 15.
Qe2 Bb7 16. Rad1 a6 17. Kh1 Rac8 18. a4 Nd7 19. Qg4 Rf5 20. a5 bxa5 21. dxc5
Bxc5 22. Bxc5 Nxc5 23. Ne2 Rcf8 24. h3 Ne4 25. Nd4 h5 26. Qg6 R5f6 27. Nxe6 Rxg6
28. Nxc7 Rd6 29. Kh2 Rc8 30. Rfe1 Nf6 31. Nc4 Rd7 32. Nb6 Rdxc7 33. Nxc8 Bxc8
34. c3 Bd7 35. Rd3 Rb7 36. Rd2 a4 37. Rc1 Bb5 38. f5 Bc4 39. g3 Kf7 40. Ra1 Bb3
41. Rg2 Ne4 42. g4 hxg4 43. Rxg4 Nd6 44. Rf1 Bc2 45. Rf2 Rxb2 46. Rxa4 Bxa4 47.
Rxb2 Bb5 48. Kg3 Nxf5+ 49. Kf4 Kf6 50. Rd2 Ne7 51. Rb2 g5+ 52. Kg4 Bd7+ 53. Kh5
Bxh3 54. Rb6+ Be6 55. Rxa6 Nf5 56. Kg4 Nd4+ 57. Kh5 Ne2 58. Ra3 Nf4+ 59. Kh6 g4
60. Ra7 g3 61. Rg7 g2 62. Rg5 Bh3 0-1